000 01049nmc a2200397 a 4500
003 AR-BaBNM
005 20251128204245.0
008 235019s1994 ||||||||||||||000 | spa||
020 _a84-297-0640-2
040 _cAR-BaBNM
100 1 _aFromm, Erich
245 1 0 _aLa familia
250 _a7ª ed.
260 _aBarcelona
_bEdiciones Península
_c1994
300 0 _a296 p.
_bgráfs., tablas
490 0 _aHistoria, ciencia, sociedad
_vv. 57
600 1 4 _aMerton, Robert K.
600 1 4 _aSwif, Artur L.
600 1 4 _aLlewellyn, Karl N.
600 1 4 _aBenedek, Therese
600 1 4 _aAbrams, Charles
600 1 4 _aDean, John P.
600 1 4 _aSchrecker, Paul
650 4 _aHISTORIA SOCIAL
650 4 _aFAMILIA
650 4 _aMEDIO FAMILIAR
650 4 _aESTRUCTURA SOCIAL
650 4 _aINFLUENCIA FAMILIAR
650 4 _aEDUCACION FAMILIAR
700 1 _aHorkheimer, Max
700 1 _aParsons, Talcott
700 1 _aLinton, Ralph
_eprologuista
700 1 _aSolé-Tura, Jordi
_etraductor
942 _cBK
998 _cEthel
999 _c6742
_d6742